Football : Les meilleurs passeurs de Premier League en 2023-2024 - Statistiques

Statistiques générales
  • Ce quiz a été pris 187 fois
  • Le résultat moyen est 7 sur 11
Statistiques - réponses
Nombre de passes décisives Club Joueur % Correct
10 Liverpool Salah
93%
10 Manchester City De Bruyne
92%
10 Tottenham Son
91%
11 Chelsea Palmer
90%
10 Arsenal Odegaard
82%
13 Aston Villa Watkins
73%
10 Newcastle Gordon
61%
10 Newcastle Trippier
36%
10 Nottingham Forest Gibbs-White
29%
10 Tottenham Johnson
20%
10 Brighton Grob
11%
Aucun quiz correspondant
Distribution des résultats
% des personnes avec chaque résultat
Percentile par nombre de réponses
Votre historique - résultats
Vous n’avez pas pris ce quiz